Spell the Marvel Character #34 - Statistics

General Stats
  • This quiz has been taken 35 times
  • The average score is 11 of 14
Answer Stats
Picture Answer % Correct
Ant-Man
96%
Red Hulk
96%
Scarlet Witch
96%
Iron Man
93%
Thing
93%
Cyclops
89%
Elektra
85%
Rescue
85%
Spider-Man 2099
85%
Energizer
67%
Psylocke
67%
Scarlet Spider
59%
Lightspeed
37%
Demolition-Man
33%
No matching quizzes found
Score Distribution
Percent of People with Each Score
Percentile by Number Answered
Your Score History
You have not taken this quiz